000
00327nam a2200145Ia 4500
008
221030s9999 xx 000 0 und d
041
_a
English
082
_a
105.23
100
_a
M
245
0
_a
Thermal Physics Digest
_c
by M
260
_b
Khosla Pub., House
_a
Delhi
_c
1987
300
_a
158
650
_a
Physics
942
_c
BK
999
_c
1049
_d
1049